Score 0/20 Timer 02:00
2 Plays Today
Title Missing Word % Correct
_____ by the DozenCheaper
95%
Leap of _____Faith
94.1%
The Pink _____Panther
91.9%
Little Shop of _____Horrors
86.3%
_____ of the BrideFather
85.9%
Planes, Trains & _____Automobiles
85%
_____ Rotten ScoundrelsDirty
83.5%
Sgt. _____'s Lonely Hearts Club BandPepper
82.4%
¡Three _____!Amigos
70.6%
_____ Down the HouseBringing
56.6%
Title Missing Word % Correct
The Out-of-_____Towners
40.2%
All of _____Me
31%
Sgt._____Bilko
29.5%
The Man with Two _____Brains
28.6%
My _____ HeavenBlue
27.5%
_____ Men Don't Wear PlaidDead
25.8%
_____ from HeavenPennies
19.1%
The Prince of _____Egypt
14.6%
Baby _____Mama
14.4%
The _____ PrisonerSpanish
5%

Today's Daily Dose

Remove Ads.
Support Sporcle.
Get the best of Sporcle when you Go Orange. This ad-free experience offers more features, more stats, and more fun while also helping to support Sporcle. Thank you for becoming a member.

You're not logged in!

Compare scores with friends on all Sporcle quizzes.
OR
Log In

Show Comments

Extras

Top Quizzes Today


Score Distribution

Your Account Isn't Verified!

In order to create a playlist on Sporcle, you need to verify the email address you used during registration. Go to your Sporcle Settings to finish the process.

Report this User

Report this user for behavior that violates our Community Guidelines.

Details: